000 00654nam a2200277Ia 4500
005 20260324122039.0
008 008 260324s9999 xx 000 0 eng d
020 _a9780429067198
037 _aEBOOK
040 _aCRL
040 _beng
040 _cCRL
041 _2eng
041 _aeng
084 _qCRL
100 _aFranjieh El Khoury
_91164900
245 0 _aIris Biometric Model for Secured Network Access
260 _bTaylor and Francis
260 _c2013
365 _a
365 _b305
856 _uhttp://www.taylorfrancis.com/books/9780429067198
942 _cEBOOK
999 _c1757368
_d1757368